Responses for show #8321 - Monday, January 25, 2021

Brian Chang game 5.

Contestants

[<< previous game]

Elliott Kalan, a writer originally from Millburn, New Jersey

Madeline Johnson, a digital marketing manager from Portland, Oregon

Brian Chang, an attorney from Chicago, Illinois (whose 4-day cash winnings total $88,102)

[next game >>]

Jeopardy! Round responses

NAME THAT MALE AUTHOR
LETTER PERFECT CINEMA
WORLD CAPITAL RIVERS
DO ME A FLAVOR
NEW TO THE OED
(Zee James: Foot, fist, way, or in other words...)
TAEKWONDO
    $200 17
(Lewis) Carroll

Brian
    $200 4
(Ken: Yes, Easy [*].)

an "A"

Brian
    $200 30
Amsterdam

Brian
    $200 27
(Elliott: What is candy cane?)

Bubblegum

MadelineElliott
    $200 28
bumping elbows (an elbow bump)

Madeline
    $200 23
(Ken: Thanks to Zee James for presenting that category.)

roundhouse

Madeline
    $400 16
Bradbury

Brian
    $400 11
(Madeline: What is a "W"?)
...
(Ken: Yes, for [*]-Men.)

an "X"

BrianMadeline
    $400 29
Beijing

Triple Stumper
    $400 10
(Madeline: What are hot Cheetos? Spicy Cheetos? What are Spicy Cheetos?)
(Brian: What are red hot?)

Flamin' Hot Cheetos

BrianMadeline
Triple Stumper
    $400 18
ambulance chasing

Brian
    $400 22
reverse

Madeline
    $3,600 15
(Ken: Right, from Typee.)

Melville

Brian
    $600 26
(Ken: For Vendetta, right.)

V

Madeline
    $600 6
Warsaw

Triple Stumper
    $600 9
vanilla

Madeline
    $600 12
third base

Brian
    $600 21
South Korea

Madeline
    $800 13
(Philip) Roth

Elliott
    $800 25
Q

Elliott
    $800 5
New Delhi

Triple Stumper
    $800 8
strawberry

Brian
    $800 2
(Elliott: What is an icon?)

a St. Christopher medallion

Elliott
Triple Stumper
    $800 20
water

Madeline
    $1000 14
(Ken: Yes, Catcher in the Rye.)

Salinger

Brian
    $1000 24
M

Elliott
    $1000 3
(1 of) Kinshasa (or Brazzaville)

Elliott
    $1000 7
Denmark

Brian
    $1000 1
aƱejo

Triple Stumper
    $1000 19
crane

Brian

Scores at the first commercial break (after clue 17):

Brian Madeline Elliott
$7,800 -$200 $1,000

Scores at the end of the Jeopardy! Round:

Brian Madeline Elliott
$9,400 $2,800 $2,600

Double Jeopardy! Round responses

MEDIEVAL TIMES
MUSICAL THEATER
NATURE
COLORFUL GROUPS
PHILOSOPHY
4-LETTER BEFORE & AFTER
    $400 30
Prague

Brian
    $400 5
Annie Get Your Gun

Elliott
    $400 29
the dodo

Elliott
    $400 28
the Democratic Party

Elliott
    $400 6
sight

Madeline
    $400 13
ABCC

Elliott
    $800 18
(Elliott: What is a tsunami?)

a typhoon

BrianElliott
    $800 4
Hairspray

Madeline
    $800 27
blue blood

Brian
    $800 26
(the) Green (Party)

Elliott
    $800 7
Descartes

Brian
    $800 14
DMVP

Madeline
    $1200 23
Rome & Constantinople

Elliott
    $1200 3
In the Heights

Elliott
    $1200 16
sandstone

Triple Stumper
    $1200 25
the Orange Order

Triple Stumper
    $4,000 11
truth

Elliott
    $1200 15
OMGM

Brian
    $1600 22
the Hanseatic League

Brian
    $3,000 2
Fiddler on the Roof

Madeline
    $1600 8
a Venus flytrap

Brian
    $1600 9
Tibetan Buddhism

Brian
    $1600 10
(Elliott: What is [*]?)
(Ken: Yes, we'll take it; maybe that's what he said in Danish, we don't know.)

backwards & forwards (reverse & forward)

Elliott
    $1600 19
ATMI

Madeline
    $2000 21
Saladin

Triple Stumper
    $2000 1
(Brian: What is Assassins?)

Ragtime

BrianMadeline
    $2000 24
(Madeline: What is a silkworm?)

the lacewing

Madeline
Triple Stumper
    $2000 17
the Cultural Revolution

Brian
    $2000 12
utilitarianism

Brian
    $2000 20
GREM

Elliott

Scores at the end of the Double Jeopardy! Round:

Brian Madeline Elliott
$20,200 $9,400 $14,200

[wagering suggestions for these scores]

Final Jeopardy! Round responses

WORLD GEOGRAPHY
(Ken: [To Elliott] Did you get--France and maybe it was gonna be Greece?)
(Elliott: Something started with G-R.)
(Ken: Something started with G-R; could be Greenland, but we don't know.
(Elliott: Could be anything.)
...
(Ken: [To Brian] Yes, on the African coast and the French Riviera, respectively.)
MadelineWhat are Libya + Monaco
$2,801
ElliottWhat are France and Gre
$4,601
BrianWhat are Algeria & Monaco?
$8,201
Algeria & Monaco

Final scores:

Brian Madeline Elliott
$28,401 $6,599 $9,599
5-day champion: $116,503 3rd place: $1,000 2nd place: $2,000

Game dynamics:

Coryat scores:

Brian Madeline Elliott
$17,200 $8,000 $11,400
22 R
(including 1 DD),
2 W
14 R
(including 1 DD),
3 W
14 R
(including 1 DD),
3 W

Combined Coryat: $36,600

The J! Archive is created by fans, for fans. The Jeopardy! game show and all elements thereof, including but not limited to copyright and trademark thereto, are the property of Jeopardy Productions, Inc. and are protected under law. This website is not affiliated with, sponsored by, or operated by Jeopardy Productions, Inc. Join the discussion at JBoard.tv.